000 01494nam a2200325 a 4500
999 _c346238
_d346238
003 BLK
005 20250729104709.0
008 180411b bul|||||r ||||||| ||bul||
010 _aKNG00215718000
020 _a978-619-186-497-3
040 _aBLK
041 _aBUL
_cBUL
072 7 _2bullib
_aН85
_xДетска художествена литература Н
080 _aАнглийска литература
_b821.111
_x-93-1
_z821.111-93-1
100 1 _aДоналдсън, Джулия
_eпърви автор
_9386662
139 _aДоналдсън, Джулия
_bД 77
245 1 0 _aСъчко
_cДжулия Доналдсън; ил. Аксел Шефлър; прев. в стихове Мария Донева.
257 _aGBR
260 _aПловдив
_bЖанет 45
_c2019
300 _a24 с.
_bс цв. ил.
_c28 см
380 _aDX
500 _aОриг. загл.: Stickman / Julia Donaldson. - Възприетата форма на името на ил. Аксел Шефлър е Аксел Шефлер. - Пълната форма на името на прев. Мария Донева е Мария Донева Петрова.
700 1 _aШефлър, Аксел
_eил.
_9143299
700 _aДонева, Мария
_eпрев. от англ.
_9243036
856 4 _qpdf
_i0.00
_ldisable
856 4 _qpdf
_i0.00
_ldisable
942 _cKNG
_n0
_0203
_s1
944 _c2023-01-17
_lБояна Костадинова
_k30551
999 _d346238